[Event "Wloclawek CC Classic 05th"]
[Site "Wloclawek"]
[Date "2012.??.??"]
[Round "4"]
[White "Lapinski, Jerzy"]
[Black "Czerwinska, Ewelina"]
[Result "1-0"]
[WhiteElo "1800"]
[BlackElo "1250"]
[PlyCount "97"]
[EventDate "2012.06.??"]
[EventType "swiss"]
[EventRounds "7"]
[EventCountry "POL"]
[SourceTitle "EXT 2021"]
[Source "ChessBase"]
[SourceDate "2020.10.23"]
[SourceVersion "1"]
[SourceVersionDate "2020.10.23"]
[SourceQuality "1"]

1. d4 d5 2. c4 e6 3. a3 Nf6 4. Nc3 c5 5. e3 Nc6 6. cxd5 exd5 7. Bb5 Bd7 8. Nf3 a6 9. Bxc6 bxc6 10. Ne5 cxd4 11. Qxd4 Bd6 12. Nxd7 Qxd7 13. Na4 c5 14. Nxc5 Bxc5 15. Qxc5 Rc8 16. Qb4 Qb5 17. Qxb5+ axb5 18. 0-0 0-0 19. b4 Rfe8 20. Bb2 Ne4 21. Rfd1 Red8 22. Bd4 h6 23. f3 Ng5 24. Rdc1 Ne6 25. Bb6 Re8 26. Kf2 Rb8 27. Rc6 Kf8 28. Rac1 g5 29. g4 Ke7 30. Bc5+ Kd7 31. Rd6+ Kc8 32. Ba7+ Nc7 33. Bb6 Re7 34. Rxh6 Ra8 35. Rh8+ Kb7 36. Rxa8 Nxa8 37. Bd4 Rc7 38. Rxc7+ Kxc7 39. Bf6 Nb6 40. Bxg5 Nc4 41. Be7 Nxa3 42. h4 Kd7 43. Bc5 Nc4 44. f4 Nb2 45. Ke2 Na4 46. Ba7 Ke6 47. h5 f6 48. h6 Kf7 49. g5 1-0